| 000 | 00519nam a2200193 i 4500 | ||
|---|---|---|---|
| 001 | bg | ||
| 245 | 0 |
_aCrystal growth bibliography / _ccomp. by A.M. Keesee, T.F. Connoly, G.C. Battle. Part. A. |
|
| 260 |
_aNew York : _bpLENUM, _c1979. |
||
| 700 | 1 |
_aKeesee, A. M. _eOprac. |
|
| 700 | 1 |
_aConnoly, T. F. _eOprac. |
|
| 700 | 1 |
_aBattle, G. C. _eOprac. |
|
| 020 | _a030668330x | ||
| 040 | _cBPK | ||
| 041 | _apol | ||
| 080 | _a54 | ||
| 920 | _a0-306-68330-x | ||
| 942 | _cKS | ||
| 008 | s pl f |000 0 pol | ||
| 999 |
_c9407 _d9407 |
||
| 856 |
_uhttp://koha.tu.koszalin.pl/cgi-bin/koha/opac-detail.pl?biblionumber=9407 _yKatalog online BPK |
||